000 00413nam a22001577a 4500
003 0
005 20230728102535.0
008 230728b xxu||||| |||| 00| 0 eng d
020 _a978-0-06-089090-2
050 _aPZ 7
_b.C764 2008
245 _aWaiting for normal
_cConnor, Leslie
260 _aNew York
_bKatherine tegen books
_cC2008
300 _a290PP.
_c19cm.
500 _aFamily problems.
942 _2lcc
_cBK
999 _c365106
_d365106